=LDR 00000nam 2200000 4500 =001 INLIS000000000054038 =005 20200225014230 =035 ##$$a 0010-0519000100 =007 ta =008 200225################g##########0#ind## =020 ##$$a 979-010-480-4 =082 ##$$a 144.07 =084 ##$$a 144.07 DAR h =100 #$$a Darmiyati Zuchdi =245 1#$$a Humanisasi pendidikan : $b Menemukan kembali pendidikan yang manusiawi /$c Darmiyati Zuchdi; Editor: Rini Rachmatika =250 ##$$a Ed. 1; Cet 3 =260 ##$$a Jakarta :$b Bumi Aksara,$c 2009 =300 ##$$a xv, 210 hlm. : $b ilus. ; $c 23 x 15, 5 cm =650 #4$$a Humanisasi Pendidikan =504 ##$$a Bibliografi hlm : 195 - 201, Indeks hlm : 203 - 210 =990 ##$$a 51900090 =990 ##$$a 92324/BPAP-NTB/2014 =990 ##$$a 51900090 =990 ##$$a 92427/BPAP-NTB/2014 =990 ##$$a 92324/BPAP-NTB/2014 =990 ##$$a 51900090 =990 ##$$a 21400613/BPAP-NTB/20142014 =990 ##$$a 92324/BPAP-NTB/2014 =990 ##$$a 92427/BPAP-NTB/2014 =990 ##$$a 51900090 =990 ##$$a 0001/BPAP-NTB/20142014 =990 ##$$a 92324/BPAP-NTB/2014 =990 ##$$a 92427/BPAP-NTB/2014 =990 ##$$a 21400613/BPAP-NTB/20142014 =990 ##$$a 51900090 =990 ##$$a 0001/BPAP-NTB/20142014 =990 ##$$a 92324/BPAP-NTB/2014 =990 ##$$a 92427/BPAP-NTB/2014 =990 ##$$a 21400613/BPAP-NTB/20142014 =990 ##$$a 0001/BPAP-NTB/20142014 =990 ##$$a 51900090 =990 ##$$a 92849/BPAP-NTB/2014 =990 ##$$a 92324/BPAP-NTB/2014 =990 ##$$a 92427/BPAP-NTB/2014 =990 ##$$a 21400613/BPAP-NTB/20142014 =990 ##$$a 0001/BPAP-NTB/20142014 =990 ##$$a 0001/BPAP-NTB/20142014 =990 ##$$a 51900090 =990 ##$$a 92324/BPAP-NTB/2014 =990 ##$$a 92427/BPAP-NTB/2014 =990 ##$$a 92849/BPAP-NTB/2014 =990 ##$$a 21400613/BPAP-NTB/20142014 =990 ##$$a 0001/BPAP-NTB/20142014 =990 ##$$a 0001/BPAP-NTB/20142014 =990 ##$$a 51900090 =990 ##$$a 92849/BPAP-NTB/2014 =990 ##$$a 92324/BPAP-NTB/2014 =990 ##$$a 92427/BPAP-NTB/2014 =990 ##$$a 21400613/BPAP-NTB/20142014 =990 ##$$a 0001/BPAP-NTB/20142014 =990 ##$$a 0001/BPAP-NTB/20142014 =990 ##$$a 51900090 =990 ##$$a 0001/BPAP-NTB/20142014 =990 ##$$a 92324/BPAP-NTB/2014 =990 ##$$a 92427/BPAP-NTB/2014 =990 ##$$a 92849/BPAP-NTB/2014 =990 ##$$a 21400613/BPAP-NTB/20142014 =990 ##$$a 0001/BPAP-NTB/20142014 =990 ##$$a 51900090 =990 ##$$a 21400613/BPAP-NTB/20142014 =990 ##$$a 92324/BPAP-NTB/2014 =990 ##$$a 92427/BPAP-NTB/2014 =990 ##$$a 92849/BPAP-NTB/2014 =990 ##$$a 0001/BPAP-NTB/20142014 =990 ##$$a 0001/BPAP-NTB/20142014 =990 ##$$a 51900090